Patologie Svazek 2

Bibliographic Details
Main Author: Bednář, Blahoslav, 1916-1998 (Author)
Format: Book
Language:Undetermined
PhysicalDescription:1209 s.
Published: Praha Avicenum 1983

MARC

LEADER 00000nam a2200000 a 4500
001 vtls001264720
003 SK-MaSNL
005 20260301195308.0
008 240315s1983 xx 0 und
035 |a SNK000215645 
040 |a SNK  |b slo  |c SNK  |e AACR2 
100 1 |a Bednář, Blahoslav,  |d 1916-1998  |4 aut  |9 192027 
245 1 |a Patologie  |b Svazek 2 
260 |a Praha  |b Avicenum  |c 1983 
300 |a 1209 s. 
958 |a OND 
999 |c 884957  |d 886887 
952 |t P60, <04>, [BOOK], {604}  |a SNK  |b SNK  |y VYP  |7 0  |p 17A0016229  |o snkIB 49912/2  |0 0  |1 0  |4 0  |d 1996-10-30  |l 0  |r 2005-01-01 00:00:00  |w 2026-02-24 
952 |a SNK  |b SNK  |y VYP  |7 0  |p 17A0081657  |o snkIB 49912/2 D1  |i snkKIP 4000/83  |0 0  |1 1  |4 0  |d 1997-08-08  |l 0  |r 2005-01-01 00:00:00  |w 2026-02-24